000 00477nam a2200133Ia 4500
008 220216s9999 xx 000 0 und d
100 _aMohd Akib Mohd Yusoff
245 0 _aOptimal returns farming system(RRIMFARM)
260 _bIn: Ensuring sustainability and competitiveness of the NR industry: Proceedings of the RRIM Rubber Growers Conference, Kuala Lumpur, 1995; p234-252
650 _aFarming system
700 _aIbrahim A G
700 _aShahabuddin M Y
942 _cJS
999 _c64412
_d64412